The humanities : a selective guide to information sources /

Bibliographic Details
Main Author: Rogers, A. Robert, 1927-
Format: Book
Language:English
Published: Littleton, Colo. : Libraries Unlimited, 1979.
Edition:2d ed.
Series:Library science text series.
Subjects:

MARC

Tag First Indicator Second Indicator Subfields
LEADER 00000pam a2200000 i 4500
001 in00000049040
005 20151007065627.0
008 791123s1979 cou b 00110 eng
010 |a  79025335  
020 |a 0872872068 :  |c $19.50 
020 |a 087287222X (pbk.) :  |c $13.50 
035 |a (OCoLC)05798819 
035 |9 AAE2355AM 
040 |a DLC  |c DLC  |d TXA  |d UtOrBLW 
049 |a TXAM  |c [1243279] 
050 0 0 |a Z5579  |b .R63 1979  |a AZ201 
082 0 |a 016.0013 
100 1 |a Rogers, A. Robert,  |d 1927- 
245 1 4 |a The humanities :  |b a selective guide to information sources /  |c A. Robert Rogers. 
250 |a 2d ed. 
264 1 |a Littleton, Colo. :  |b Libraries Unlimited,  |c 1979. 
300 |a xviii, 355 pages ;  |c 24 cm. 
336 |a text  |b txt  |2 rdacontent 
337 |a unmediated  |b n  |2 rdamedia 
338 |a volume  |b nc  |2 rdacarrier 
490 1 |a Library science text series 
500 |a Includes indexes. 
504 |a Bibliography: pages 278-283. 
650 0 |a Humanities  |v Bibliography. 
830 0 |a Library science text series. 
999 |a MARS 
999 f f |s 323f911a-836e-3216-b19a-2a5d5fe5a863  |i 64b31653-cb7a-3632-be62-06da5db22d4c  |t 0 
952 f f |p ric  |a Texas A&M University  |b Rellis Campus  |c Joint Library Facility  |d Remote Storage  |t 0  |e Z5579 .R63 1979  |h Library of Congress classification  |i unmediated -- volume  |m A14805909793 
998 f f |a Z5579 .R63 1979  |t 0  |l Remote Storage